00507nam a2200169 a 45000010005000000030009000050080041000140400028000550820017000831000028001002450077001282600028002053000021002336500020002546500041002746500022003158617CO-ViMGA141112s2004 ck r 000 u spa d aCO-ViMGAbspacCO-ViMGA04a005.369 M42i1 aMICROSOFT CORPORATION, 10aINTRODUCCION : bMICROSOFT WORKS PARA WINDOWS / cMICROSOFT CORPORATION  aNEW YORK, cIBM, c1991 a46 p. il., 21 cm14aMICROSOFT WORKS14aPROGRAMAS INTEGRADOS PARA COMPUTADOR14aWORKS - MICROSOFT